000
00314nam a22001457a 4500
008
211019b ||||| |||| 00| 0 eng d
020
_a
2900132299397
041
_a
eng
080
_2
2nd
_a
339.138
082
_a
339.138
100
_a
61
101
_a
MAR
245
_a
Brand You
_c
Solomon,M.R
942
_2
udc
_c
BK
999
_c
58260
_d
58260